Manual de psicología infantil moderna / (Registro nro. 10651)
[ vista simple ]
| 000 -LEADER | |
|---|---|
| fixed length control field | 01359cam a2200337 i 4500 |
| 001 - CONTROL NUMBER | |
| control field | 10651 |
| 003 - CONTROL NUMBER IDENTIFIER | |
| control field | Mx-PuUPA |
| 005 - DATE AND TIME OF LATEST TRANSACTION | |
| control field | 20241021084344.0 |
| 008 - FIXED-LENGTH DATA ELEMENTS--GENERAL INFORMATION | |
| fixed length control field | 140415s1986 mx af r 000 0 spa d |
| 020 ## - INTERNATIONAL STANDARD BOOK NUMBER | |
| International Standard Book Number | 9681822919 (edición completa) |
| 020 ## - INTERNATIONAL STANDARD BOOK NUMBER | |
| International Standard Book Number | 9681820347 (v. 1) |
| 020 ## - INTERNATIONAL STANDARD BOOK NUMBER | |
| International Standard Book Number | 9681820355 (v. 2) |
| 040 ## - CATALOGING SOURCE | |
| Original cataloging agency | MX-PuUPA |
| Language of cataloging | spa |
| Description conventions | rda |
| Transcribing agency | Mx-PuUPA |
| Modifying agency | Mx-PuUPA |
| 041 1# - LANGUAGE CODE | |
| Language code of text/sound track or separate title | spa |
| Language code of original | eng |
| 100 1# - MAIN ENTRY--PERSONAL NAME | |
| Personal name | Newman, Barbara M. |
| Dates associated with a name | 1944- |
| Relator term | autor |
| 9 (RLIN) | 4926 |
| 240 10 - UNIFORM TITLE | |
| Uniform title | Infancy and childhood. |
| Language of a work | Español |
| 245 10 - TITLE STATEMENT | |
| Title | Manual de psicología infantil moderna / |
| Statement of responsibility, etc. | Barbara M. Newman, Philip R. Newman ; versión en español, Xavier Massimi Villela. |
| 250 ## - EDITION STATEMENT | |
| Edition statement | Primera edición |
| 264 #1 - PRODUCTION, PUBLICATION, DISTRIBUTION, MANUFACTURE, AND COPYRIGHT NOTICE | |
| Place of production, publication, distribution, manufacture | México, D.F. : |
| Name of producer, publisher, distributor, manufacturer | Editorial Limusa, |
| Date of production, publication, distribution, manufacture, or copyright notice | 1986 |
| 300 ## - PHYSICAL DESCRIPTION | |
| Extent | 2 volúmenes (paginación varía), 8 páginas de láminas sin numeración : |
| Other physical details | ilustraciones, láminas (algunas a color) ; |
| Dimensions | 24 cm. |
| 336 ## - CONTENT TYPE | |
| Content type term | texto |
| Fuente | rdacontent |
| Content type code | txt |
| 337 ## - MEDIA TYPE | |
| Media type term | sin medio |
| Source | rdamedia |
| Media type code | n |
| 338 ## - CARRIER TYPE | |
| Carrier type term | volumen |
| Source | rdacarrier |
| Carrier type code | nc |
| 650 #4 - SUBJECT ADDED ENTRY--TOPICAL TERM | |
| Topical term or geographic name entry element | Psicología infantil |
| 700 1# - ADDED ENTRY--PERSONAL NAME | |
| Personal name | Newman, Philip R. |
| Relator term | autor |
| 700 1# - ADDED ENTRY--PERSONAL NAME | |
| Personal name | Villela, Xavier Massimi, |
| Relator term | traductor |
| 765 08 - ORIGINAL LANGUAGE ENTRY | |
| Main entry heading | Newman, Barbara M. 1944- |
| Place, publisher, and date of publication | [Lugar de publicación no identificado] : John Wiley & Sons, |
| Title | Infancy and childhood. |
| International Standard Book Number | 0471022128 |
| 942 ## - ADDED ENTRY ELEMENTS (KOHA) | |
| Source of classification or shelving scheme | Dewey Decimal Classification |
| Koha item type | Libro |
| Classification part | 155.4 |
| Item part | N5325 |
| Withdrawn status | Lost status | Source of classification or shelving scheme | Damaged status | Not for loan | Collection code | Home library | Current library | Shelving location | Date acquired | Source of acquisition | Serial Enumeration / chronology | Total Checkouts | Full call number | Barcode | Date last seen | Price effective from | Koha item type | Copy number |
|---|---|---|---|---|---|---|---|---|---|---|---|---|---|---|---|---|---|---|
| Dewey Decimal Classification | General | Biblioteca Karol Wojtyla | Biblioteca Karol Wojtyla | Sala general | 03/12/2013 | Compra | v.2 | 155.4 N5325 1986 | 29807 | 05/01/2026 | 06/07/2017 | Libro | ||||||
| Dewey Decimal Classification | General | Biblioteca Karol Wojtyla | Biblioteca Karol Wojtyla | Sala general | 03/12/2013 | Compra | v.1 | 155.4 N5325 1986 | 25787 | 05/01/2026 | 06/07/2017 | Libro | Ej.2 | |||||
| Dewey Decimal Classification | General | Biblioteca Karol Wojtyla | Biblioteca Karol Wojtyla | Sala general | 03/12/2013 | Compra | v.2 | 155.4 N5325 1986 | 25788 | 05/01/2026 | 06/07/2017 | Libro | Ej.2 | |||||
| Dewey Decimal Classification | General | Biblioteca Karol Wojtyla | Biblioteca Karol Wojtyla | Sala general | 03/12/2013 | Compra | v.1 | 155.4 N5325 1986 | 29806 | 05/01/2026 | 06/07/2017 | Libro |